000 01598cam a22001814a 4500
005 20250605164120.0
008 250528s ||||||||||||||||||||||||d
035 _a18231
020 _a895883694
040 _aGR-AtMCL
_bgre
_dGR-AtMCL
_eAACR2
245 1 _aΕμπορικές Εφαρμογές με τη dBASE III PLUS / Μετάφραση της 1ης Αμερικανικής Έκδοσης 1986
260 _bΓκιούρδας Μόσχος,
_c1988
520 _aΕισαγωγή, Σχεδίαση Βάσης Δεδομένων της dBASE III PLUS, Η Δύναμη των Δεικτών, Προγραμματισμός στη dBASE III PLUS, Σχεδιασμός Συστήματος, Κύρια Λίστα Επιλογής Συστήματος Συνδρομητών, Πρόγραμμα Εισαγωγής Συστήματος Συνδρομητών, Ταξινόμηση και Ερωτήσεις στο Σύστημα Συνδρομητών, Προσαυξήσεις στο Σύστημα Συνδρομητών, Σχεδιασμός Συστήματος Αποθεμάτων, Το Βασικό Αρχείο Αποθεμάτων, Σύστημα Πωλήσεων Αποθεμάτων, Σύστημα Νέων Αποθεμάτων, Ενημέρωση Συστήματος, Διαδικάσιες και Παράμετροι, Αναφορές Συστήματος Ε/Λ, Μηνιαίες Ενημερώσεις Συστήματος, RunTime και Μεταγλωτιστές, Ευρετήριο.
700 1 _aSimpson Alan
_91370
942 _cBK
999 _c3605
_d3605